Normal view
MARC view
Entry Topical Term
001 - CONTROL NUMBER
- control field: 22753
003 - CONTROL NUMBER IDENTIFIER
- control field: dpl
005 - DATE AND TIME OF LATEST TRANSACTION
- control field: 20101005103024.0
008 - FIXED-LENGTH DATA ELEMENTS
- fixed length control field: 101005|||a|||||| | ||| d
040 ## - CATALOGING SOURCE
- Original cataloging agency: dpl
- Transcribing agency: dpl
150 ## - HEADING--TOPICAL TERM
- Topical term or geographic name as entry element:
670 ## - SOURCE DATA FOUND
- Source citation: Work cat.: (dpl)34291: लिंबाले, शरणकुमार 22752, अक्करमाशी /, 2009
670 ## - SOURCE DATA FOUND
- Source citation: Work cat.: (dpl)34291: लिंबाले, शरणकुमार 22752, अक्करमाशी /, 2009
